|
|
|
|
| LEADER |
00806nam a22002297a 4500 |
| 001 |
8258 |
| 003 |
BD-DhAAL |
| 005 |
20141206111131.0 |
| 008 |
141206s1996 bg a|||| b||| 001 0 eng d |
| 020 |
|
|
|a 8171008399
|
| 040 |
|
|
|a BD-DhAAL
|c BD-DhAAL
|
| 082 |
|
|
|2 22
|a 338.74
|
| 100 |
|
|
|a Singla, Ramesh K.
|9 6572
|
| 245 |
|
|
|a Corporate capital structure :
|b planning and determinants (text and case study)
|c Ramesh K. Singla
|
| 260 |
|
|
|a New Delhi :
|b Deep & Deep Publications,
|c 1996
|
| 300 |
|
|
|a xiv, 186 p. :
|b ill. ;
|c 23 cm.
|
| 541 |
|
|
|e 8258
|
| 650 |
|
|
|a Corporations
|x Finance.
|9 6573
|
| 852 |
|
|
|a Ayesha Abed Library
|
| 942 |
|
|
|2 ddc
|c BK
|
| 999 |
|
|
|c 33223
|d 33223
|
| 952 |
|
|
|0 0
|1 0
|2 ddc
|4 0
|6 338_740000000000000_SIN
|7 0
|9 44348
|a BRACUL
|b BRACUL
|c GEN
|d 2014-12-06
|l 0
|o 338.74 SIN
|p 3010008258
|r 2014-12-06
|t 1
|w 2014-12-06
|y BK
|